Sports Quiz

Random Sports or MLB Quiz

MLB RBI Leaders (Season) Quiz Stats

 Plays Quiz Updated Dec 20, 2018

Support Sporcle.
Go Orange.
Score 0/30 Timer 07:00
8 Plays Today
RBI's Player % Correct
171Babe Ruth
94.9%
164Babe Ruth
94.9%
163Babe Ruth
94.9%
184Lou Gehrig
80.3%
175Lou Gehrig
80.3%
174Lou Gehrig
80.3%
165Lou Gehrig
80.3%
159Lou Gehrig
80.2%
160Sammy Sosa
74.8%
158Sammy Sosa
74.8%
156Alex Rodriguez
73.5%
159Ted Williams
71.2%
167Joe DiMaggio
63%
165Manny Ramirez
62.9%
191Hack Wilson
61%
RBI's Player % Correct
159Hack Wilson
61%
175Jimmie Foxx
58.7%
169Jimmie Foxx
58.7%
163Jimmie Foxx
58.7%
156Jimmie Foxx
58.7%
157Juan Gonzalez
48.2%
183Hank Greenberg
47.2%
170Hank Greenberg
47.2%
165Al Simmons
19.2%
157Al Simmons
19.2%
170Chuck Klein
17%
159Vern Stephens
8%
166Sam Thompson
7.7%
165Sam Thompson
7.7%
162Hal Trosky
7.1%

From the Vault

Cartoon Silhouettes Duos

by Calaveras

Even in the shadows they look cute.
Remove Ads.
Support Sporcle.
Get the best of Sporcle when you Go Orange. This ad-free experience offers more features, more stats, and more fun while also helping to support Sporcle. Thank you for becoming a member.

Show Comments

Extras

Top Quizzes Today


Score Distribution

Your Account Isn't Verified!

In order to create a playlist on Sporcle, you need to verify the email address you used during registration. Go to your Sporcle Settings to finish the process.

Report this User

Report this user for behavior that violates our Community Guidelines.

Details: